00457nam a22001457a 450000500170000001000130001702000230003003500130005308200170006610000270008324500690011026000450017927000700022430000170029420181218125600.0 aB-090363 a818038070Xc395.00 aB-090363 a346.015bSAX aSaxena, Poonam Pradhan aFamily law lectures :bfamily law II /cby Poonam Pradhan Saxena aNew DelhibLexis nexis butterworthc2004 a14th floor, vijaya building 17 barakhamba roadbNew Delhie110001 a685p.:c22cm